=LDR 00000nam 2200000 4500 =001 NUTBA000000000001134 =005 20140414123708.0 =006 =007 =008 =020 ##$$a 979-553-845-4 =035 ##$$a 0010-041400000000404 =082 ##$$a 808.825.25 =090 ##$$a 808.825.25 Set k =100 ##$$a Arwah Setiawan =245 ##$$a Komedi Indonesia Tahun 2000 Plus =260 ##$$a Jakarta $b Gramedia $c 1996 =300 ##$$a xviii,295 hlm $b ilus $c 21 cm. =850 ##$$a NBPNMAT =990 ##$$a 93737/BPAP-NTB/2014 =990 ##$$a 93738/BPAP-NTB/2014